[Event "NED-ch 1998"]
[Site "Rotterdam"]
[Date "1998.06.21"]
[Round "1"]
[White "Ernst, Sipke"]
[Black "Reinderman, Dimitri"]
[Result "1-0"]
[WhiteElo "2300"]
[BlackElo "2480"]
[PlyCount "89"]
[EventDate "1998.06.21"]
[Source "ChessBase"]
[SourceDate "1998.09.30"]

1. Nf3 d6 2. d4 f5 3. Nc3 Nf6 4. Bg5 d5 5. e3 c6 6. Bd3 e6 7. Ne5 Be7 8. O-O
O-O 9. f4 c5 10. b3 Nbd7 11. Ne2 Nxe5 12. fxe5 Ne8 13. Bxe7 Qxe7 14. c4 Nc7 15.
Nf4 dxc4 16. Bxc4 Rd8 17. Qd2 b6 18. Rfd1 cxd4 19. exd4 Bb7 20. Qf2 Nd5 21.
Bxd5 Bxd5 22. Rac1 Rd7 23. Rc3 Rad8 24. Rg3 Kf8 25. Rh3 g6 26. Qe3 Qf7 27. Rh6
Qg7 28. Rh3 Rc7 29. Rf1 Rc2 30. Rg3 Qf7 31. h4 Be4 32. Qxe4 fxe4 33. Nxe6+ Ke7
34. Rxf7+ Kxe6 35. Rxh7 Rxd4 36. Rxg6+ Kxe5 37. Rg8 Rxa2 38. Re7+ Kf4 39. h5
Rd1+ 40. Kh2 Rd5 41. Rf7+ Ke3 42. Rg3+ Ke2 43. h6 Rh5+ 44. Rh3 Raa5 45. g4 1-0

[Event "NED-ch 1998"]
[Site "Rotterdam"]
[Date "1998.06.21"]
[Round "1"]
[White "Nijboer, Friso"]
[Black "Van der Sterren, Paul"]
[Result "1/2-1/2"]
[WhiteElo "2580"]
[BlackElo "2550"]
[PlyCount "102"]
[EventDate "1998.06.21"]
[Source "ChessBase"]
[SourceDate "1998.09.30"]

1. e4 e5 2. Nf3 Nc6 3. Bb5 a6 4. Ba4 Nf6 5. O-O Be7 6. Re1 b5 7. Bb3 d6 8. c3
O-O 9. h3 Na5 10. Bc2 c5 11. d4 Qc7 12. Nbd2 cxd4 13. cxd4 Nc6 14. Nb3 a5 15.
Be3 a4 16. Nbd2 Bd7 17. Rc1 Qb7 18. Qe2 Rab8 19. a3 Rfe8 20. Bb1 h6 21. Red1
exd4 22. Nxd4 Bd8 23. Nxc6 Bxc6 24. Bd4 Nd7 25. Qd3 Ne5 26. Qe3 Bf6 27. Qg3
Rbc8 28. Re1 Qe7 29. Rcd1 Bb7 30. Bc3 Ng6 31. Qd3 Bxc3 32. bxc3 Nf4 33. Qg3 Qf6
34. Rc1 Rc5 35. Nf3 Bc8 36. Kh2 Rh5 37. Re3 Bd7 38. Rg1 Rc8 39. Nd4 Rcc5 40.
Qf3 Qe5 41. Kh1 g6 42. Qg3 Kf8 43. Qh2 Ne6 44. g4 Qxh2+ 45. Kxh2 Rhe5 46. Nf3
Nf4 47. Nxe5 dxe5 48. Ba2 Ke7 49. Rd1 Bc6 50. Bd5 Bxd5 51. exd5 Kd6 1/2-1/2

[Event "NED-ch 1998"]
[Site "Rotterdam"]
[Date "1998.06.21"]
[Round "1"]
[White "Piket, Jeroen"]
[Black "Sosonko, Gennadi"]
[Result "1/2-1/2"]
[WhiteElo "2575"]
[BlackElo "2520"]
[PlyCount "84"]
[EventDate "1998.06.21"]
[Source "ChessBase"]
[SourceDate "1998.09.30"]

1. d4 Nf6 2. c4 e6 3. Nf3 d5 4. Nc3 Bb4 5. Bg5 O-O 6. e3 c5 7. cxd5 exd5 8.
dxc5 Nbd7 9. Rc1 Qa5 10. Nd2 Qxc5 11. a3 Bxc3 12. Rxc3 Qb6 13. Qb3 Qa5 14. Qb5
Qxb5 15. Bxb5 a6 16. Bd3 Ne5 17. Bxf6 gxf6 18. Ke2 Bg4+ 19. f3 Bh5 20. Rhc1 Bg6
21. Bb1 Rfe8 22. Rc7 b5 23. b3 Rad8 24. h3 d4 25. e4 f5 26. Kd1 d3 27. exf5
Bxf5 28. R1c5 Bg6 29. Ra7 Rd6 30. f4 Nd7 31. Rxd7 Rxd7 32. f5 Bh5+ 33. g4 Re3
34. f6 Bxg4+ 35. hxg4 h6 36. Rf5 Rg3 37. Rf2 Rxg4 38. Nf1 Rd6 39. Kd2 Rg6 40.
Ne3 Rdxf6 41. Nf5 Kf8 42. Bxd3 h5 {
und in etwa gleicher Stellung wurde Remis vereinbart.} 1/2-1/2

[Event "NED-ch 1998"]
[Site "Rotterdam"]
[Date "1998.06.21"]
[Round "1"]
[White "Timman, Jan"]
[Black "Van Wely, Loek"]
[Result "0-1"]
[WhiteElo "2635"]
[BlackElo "2605"]
[PlyCount "94"]
[EventDate "1998.06.21"]
[Source "ChessBase"]
[SourceDate "1998.09.30"]

1. d4 Nf6 2. c4 c5 3. d5 b5 4. cxb5 a6 5. f3 e6 6. e4 exd5 7. e5 Qe7 8. Qe2 Ng8
9. Nc3 Bb7 10. Nh3 c4 11. Be3 Qb4 12. a3 Qa5 13. Bd2 Qb6 14. Nf4 Ne7 15. a4
axb5 16. Nxb5 Qxb5 17. axb5 Rxa1+ 18. Kf2 Nf5 19. g4 Bc5+ 20. Kg2 Nd4 21. Qf2
Nb3 22. Qe2 Nd4 23. Qf2 Nb3 24. Qe2 O-O 25. Be3 Bxe3 26. Qxe3 d4 27. Qf2 Rc1
28. Nh5 Rc8 29. Qh4 Nc5 30. Qg5 Rc2+ 31. Kg3 Ne6 32. Nf6+ Kf8 33. Qf5 d3 34. b3
Rc1 35. Bxd3 Rxh1 36. Bxc4 gxf6 37. exf6 d5 38. Qxh7 Ke8 39. Qh8+ Nf8 40. Bd3
Nbd7 41. b6 Re1 42. g5 Rc3 43. Kf2 Ra1 44. g6 Rxd3 45. g7 d4 46. Qh5 Ra2+ 47.
Kg3 Rxf3+ 0-1

[Event "NED-ch 1998"]
[Site "Rotterdam"]
[Date "1998.06.22"]
[Round "2"]
[White "Ernst, Sipke"]
[Black "Sokolov, Ivan"]
[Result "0-1"]
[WhiteElo "2300"]
[BlackElo "2625"]
[PlyCount "48"]
[EventDate "1998.06.21"]
[Source "ChessBase"]
[SourceDate "1998.09.30"]

1. Nf3 d5 2. d4 c6 3. e3 Bg4 4. c4 e6 5. Nc3 Nd7 6. b3 f5 7. Be2 Bd6 8. O-O
Ngf6 9. a4 Qe7 10. Bb2 O-O 11. h3 Bxf3 12. Bxf3 Rf7 13. Nb1 g5 14. Ba3 Bxa3 15.
Rxa3 Rg7 16. g3 g4 17. hxg4 Nxg4 18. Bxg4 Rxg4 19. Kg2 Nf6 20. Rh1 Ne4 21. Ra2
Rf8 22. Rh3 Qg7 23. Qe1 f4 24. exf4 Rgxf4 0-1

[Event "NED-ch 1998"]
[Site "Rotterdam"]
[Date "1998.06.22"]
[Round "2"]
[White "Reinderman, Dimitri"]
[Black "Van der Sterren, Paul"]
[Result "1-0"]
[WhiteElo "2480"]
[BlackElo "2550"]
[PlyCount "61"]
[EventDate "1998.06.21"]
[Source "ChessBase"]
[SourceDate "1998.09.30"]

1. c4 e6 2. Nc3 d5 3. d4 Nf6 4. cxd5 exd5 5. Bg5 c6 6. e3 Be7 7. Bd3 Nbd7 8.
Qc2 O-O 9. Nge2 Re8 10. f3 c5 11. O-O b6 12. Rad1 Bb7 13. dxc5 bxc5 14. Bb5 Nh5
15. Bxe7 Qxe7 16. Nxd5 Bxd5 17. Rxd5 Qxe3+ 18. Rf2 Nhf6 19. Rd3 Qe6 20. Ng3
Rab8 21. Bxd7 Nxd7 22. Re2 Qc6 23. Nf5 Rxe2 24. Qxe2 Qb5 25. Qd2 Nf6 26. Qg5
Ne8 27. Rb3 Qe2 28. Qe7 Qd1+ 29. Kf2 Qd2+ 30. Kg3 Qd8 31. Rb7 1-0

[Event "NED-ch 1998"]
[Site "Rotterdam"]
[Date "1998.06.23"]
[Round "3"]
[White "Piket, Jeroen"]
[Black "Van der Wiel, John"]
[Result "1/2-1/2"]
[WhiteElo "2575"]
[BlackElo "2525"]
[PlyCount "65"]
[EventDate "1998.06.21"]
[Source "ChessBase"]
[SourceDate "1998.09.30"]

1. Nf3 d5 2. d4 c6 3. c4 Nf6 4. Nc3 e6 5. Bg5 h6 6. Bxf6 Qxf6 7. e3 Nd7 8. Bd3
dxc4 9. Bxc4 g6 10. O-O Bg7 11. e4 e5 12. d5 Nb6 13. Nd2 Qg5 14. Qe2 O-O 15.
Rfd1 Bh3 16. f3 Rad8 17. Bb3 Bc8 18. Nc4 Nxc4 19. Bxc4 h5 20. Qf2 b5 21. Bb3 b4
22. Na4 cxd5 23. Bxd5 Bh6 24. a3 bxa3 25. Rxa3 Rd7 26. Nc5 Rc7 27. Nd3 h4 28.
Rxa7 Rxa7 29. Qxa7 h3 30. Qf2 hxg2 31. Qxg2 Qf6 32. Kh1 Kg7 33. Ra1 1/2-1/2

[Event "NED-ch 1998"]
[Site "Rotterdam"]
[Date "1998.06.23"]
[Round "3"]
[White "Sokolov, Ivan"]
[Black "Reinderman, Dimitri"]
[Result "1-0"]
[WhiteElo "2625"]
[BlackElo "2480"]
[PlyCount "51"]
[EventDate "1998.06.21"]
[Source "ChessBase"]
[SourceDate "1998.09.30"]

1. d4 f5 2. g3 Nf6 3. Bg2 g6 4. c3 Bg7 5. Qb3 Nc6 6. Nh3 e6 7. Nd2 d6 8. e4
fxe4 9. Nxe4 Nxe4 10. Bxe4 d5 11. Bg2 e5 12. O-O Qd6 13. Re1 Bxh3 14. Bxh3 O-O
15. Bg2 exd4 16. Bf4 Rxf4 17. gxf4 Rd8 18. Rad1 b6 19. Qa4 Kf8 20. cxd4 Qf6 21.
Rc1 Nxd4 22. Rxc7 Qxf4 23. Qa3+ Kg8 24. Rxg7+ Kxg7 25. Qe7+ Kh6 26. Qxd8 1-0

[Event "NED-ch 1998"]
[Site "Rotterdam"]
[Date "1998.06.24"]
[Round "4"]
[White "Ernst, Sipke"]
[Black "Piket, Jeroen"]
[Result "1/2-1/2"]
[WhiteElo "2300"]
[BlackElo "2575"]
[PlyCount "125"]
[EventDate "1998.06.21"]
[Source "ChessBase"]
[SourceDate "1998.09.30"]

1. Nf3 d6 2. d4 Bg4 3. e4 Nf6 4. Nc3 e6 5. Be2 Be7 6. Be3 a6 7. a4 d5 8. exd5
Bxf3 9. Bxf3 exd5 10. O-O O-O 11. Bg5 c6 12. Re1 Nbd7 13. Qd3 h6 14. Bxf6 Nxf6
15. Ne2 Bd6 16. Ng3 Qc7 17. c3 Bxg3 18. hxg3 Rfe8 19. Kf1 a5 20. Rxe8+ Rxe8 21.
Re1 Rxe1+ 22. Kxe1 Qb6 23. Qc2 h5 24. Kd1 g6 25. Kc1 Kg7 26. Kd1 Nh7 27. Be2
Ng5 28. Bd3 f5 29. Qe2 Nf7 30. Kc2 Kf6 31. Qe3 Qc7 32. Kd2 Qd6 33. Qe8 b6 34.
Bc2 Kg7 35. Qe3 Qf6 36. Kd1 Nd6 37. Bd3 Kf7 38. Kd2 g5 39. Qe2 Kg6 40. Qe3 g4
41. Kc2 Ne4 42. Bxe4 fxe4 43. Kd2 b5 44. axb5 cxb5 45. Kc2 Qd6 46. Kb1 Qc7 47.
Qd2 Qd6 48. Qe3 b4 49. c4 dxc4 50. Qxe4+ Kg7 51. Qb7+ Kf6 52. Qa8 Qe6 53. Qd8+
Kg6 54. Ka2 c3+ 55. d5 Qe2 56. Qd6+ Kg7 57. Qc7+ Kg8 58. Qb8+ Kf7 59. Qf4+ Ke8
60. Qb8+ Kd7 61. Qb7+ Kd6 62. Qc6+ Ke7 63. Qc7+ 1/2-1/2

[Event "NED-ch 1998"]
[Site "Rotterdam"]
[Date "1998.06.24"]
[Round "4"]
[White "Sosonko, Gennadi"]
[Black "Van der Sterren, Paul"]
[Result "1-0"]
[WhiteElo "2520"]
[BlackElo "2550"]
[PlyCount "75"]
[EventDate "1998.06.21"]
[Source "ChessBase"]
[SourceDate "1998.09.30"]

1. d4 Nf6 2. Nf3 e6 3. g3 b6 4. Bg2 Bb7 5. O-O c5 6. c4 cxd4 7. Qxd4 Be7 8. Nc3
Nc6 9. Qf4 Qb8 10. Qxb8+ Rxb8 11. Bf4 Rc8 12. Nb5 Ne4 13. Rad1 g5 14. Nxg5 Nxg5
15. Bxg5 Bxg5 16. Nd6+ Ke7 17. Nxb7 f5 18. Nd6 Rb8 19. e3 Bf6 20. Rd2 a6 21.
Rfd1 Rhd8 22. f4 Na5 23. Rc2 Nc6 24. Rcd2 Na5 25. b3 Bc3 26. Rd3 Bb4 27. e4
fxe4 28. Bxe4 h6 29. Kg2 b5 30. cxb5 axb5 31. Kh3 Rb6 32. Nc8+ Rxc8 33. Rxd7+
Kf6 34. Rh7 Rd6 35. Rxh6+ Ke7 36. Rh7+ Kf6 37. g4 Rxd1 38. g5# 1-0

[Event "NED-ch 1998"]
[Site "Rotterdam"]
[Date "1998.06.26"]
[Round "5"]
[White "Timman, Jan"]
[Black "Reinderman, Dimitri"]
[Result "1/2-1/2"]
[WhiteElo "2635"]
[BlackElo "2480"]
[PlyCount "108"]
[EventDate "1998.06.21"]
[Source "ChessBase"]
[SourceDate "1998.09.30"]

1. e4 e5 2. Nf3 d6 3. d4 exd4 4. Qxd4 Nc6 5. Bb5 Nge7 6. Bg5 a6 7. Bxc6+ Nxc6
8. Qe3 f6 9. Bh4 Be6 10. Nc3 g5 11. Bg3 Bg7 12. O-O-O O-O 13. h4 g4 14. Nd4
Nxd4 15. Rxd4 f5 16. e5 Re8 17. Qd3 Qc8 18. exd6 Bxd4 19. Qxd4 cxd6 20. h5 h6
21. Qf6 Bf7 22. Qxh6 Qe6 23. Qg5+ Kh7 24. Rd1 Qh6 25. Qxh6+ Kxh6 26. Rxd6+ Kg5
27. Rb6 Rad8 28. b3 Bd5 29. Bc7 Bxg2 30. Bxd8+ Rxd8 31. Ne2 Bc6 32. Rb4 Kxh5
33. Nf4+ Kh4 34. a4 Rd6 35. Nd3 Kg5 36. Kd2 f4 37. Ke1 Bf3 38. Rc4 g3 39. fxg3
fxg3 40. Rc8 Re6+ 41. Kf1 g2+ 42. Kg1 Bc6 43. Rg8+ Kf6 44. Kf2 Rd6 45. Ne1 Kf7
46. Rg3 Rf6+ 47. Ke2 Re6+ 48. Kf2 Rf6+ 49. Ke2 Rg6 50. Rxg6 Kxg6 51. Kf2 Be4
52. Nxg2 Bxc2 53. a5 Bxb3 54. Ke3 Kf5 1/2-1/2

[Event "NED-ch 1998"]
[Site "Rotterdam"]
[Date "1998.06.27"]
[Round "6"]
[White "Reinderman, Dimitri"]
[Black "Sosonko, Gennadi"]
[Result "1/2-1/2"]
[WhiteElo "2480"]
[BlackElo "2520"]
[PlyCount "41"]
[EventDate "1998.06.21"]
[Source "ChessBase"]
[SourceDate "1998.09.30"]

1. e4 c5 2. Nf3 d6 3. c3 Nf6 4. Be2 g6 5. O-O Bg7 6. Bb5+ Bd7 7. Bxd7+ Qxd7 8.
Re1 Nc6 9. d4 cxd4 10. cxd4 d5 11. e5 Ne4 12. Nc3 Nxc3 13. bxc3 O-O 14. h4 h6
15. Qd3 Qf5 16. Qb5 e6 17. Qxb7 Na5 18. Qa6 Nc4 19. Ba3 Rfb8 20. Bc5 Qd3 21.
Rad1 1/2-1/2

[Event "NED-ch 1998"]
[Site "Rotterdam"]
[Date "1998.06.27"]
[Round "6"]
[White "Van Wely, Loek"]
[Black "Van der Weide, Karel"]
[Result "1-0"]
[WhiteElo "2615"]
[BlackElo "2450"]
[PlyCount "65"]
[EventDate "1998.06.21"]
[Source "ChessBase"]
[SourceDate "1998.09.30"]

1. d4 Nf6 2. c4 c5 3. d5 b5 4. cxb5 a6 5. bxa6 g6 6. Nc3 Bxa6 7. Nf3 d6 8. g3
Bg7 9. Bg2 Nbd7 10. O-O Nb6 11. Re1 O-O 12. Bf4 Ra7 13. h3 Qa8 14. e4 Nfd7 15.
Qc1 Bc4 16. Bh6 Bxh6 17. Qxh6 f6 18. h4 Ne5 19. Nxe5 fxe5 20. Bh3 Rf6 21. h5
Na4 22. Nd1 Nb6 23. hxg6 Rxg6 24. Qh4 Qf8 25. Ne3 Rh6 26. Qg4+ Rg6 27. Qd1 Rxa2
28. Rxa2 Bxa2 29. b3 c4 30. Nxc4 Nxc4 31. bxc4 Bxc4 32. Qa4 Bd3 33. Re3 1-0

[Event "NED-ch 1998"]
[Site "Rotterdam"]
[Date "1998.06.27"]
[Round "6"]
[White "Van der Wiel, John"]
[Black "Van der Sterren, Paul"]
[Result "1/2-1/2"]
[WhiteElo "2525"]
[BlackElo "2550"]
[PlyCount "82"]
[EventDate "1998.06.21"]
[Source "ChessBase"]
[SourceDate "1998.09.30"]

1. e4 e5 2. Nf3 Nc6 3. d4 exd4 4. Nxd4 Bc5 5. Nxc6 Qf6 6. Qd2 dxc6 7. Nc3 Be6
8. Na4 Rd8 9. Bd3 Bd4 10. O-O b5 11. Nc3 Ne7 12. a4 a6 13. Qf4 Qxf4 14. Bxf4
Rc8 15. Rfe1 O-O 16. Be3 Bxe3 17. Rxe3 Rfd8 18. f4 f6 19. axb5 axb5 20. f5 Bf7
21. e5 fxe5 22. Rxe5 Kf8 23. Ne4 Rd5 24. Nc5 Rcd8 25. Rxd5 Nxd5 26. Re1 Nb4 27.
Be4 Rd2 28. c3 Nc2 29. Rc1 Ne3 30. Re1 Nc2 31. Rc1 Ne3 32. Bxc6 Rxb2 33. Nd7+
Kg8 34. Ne5 Nxf5 35. Ra1 Ra2 36. Rd1 Nd6 37. Nxf7 Nxf7 38. Bxb5 Nd6 39. Bc6 Rc2
40. Rd3 Kf7 41. Rf3+ Ke7 1/2-1/2

[Event "NED-ch 1998"]
[Site "Rotterdam"]
[Date "1998.06.28"]
[Round "7"]
[White "Piket, Jeroen"]
[Black "Reinderman, Dimitri"]
[Result "1-0"]
[WhiteElo "2575"]
[BlackElo "2480"]
[PlyCount "77"]
[EventDate "1998.06.21"]
[Source "ChessBase"]
[SourceDate "1998.09.30"]

1. d4 d6 2. Nf3 g6 3. c4 Bg7 4. Nc3 Nd7 5. e4 e5 6. Be2 Ne7 7. h4 h6 8. g4 O-O
9. g5 h5 10. d5 f5 11. gxf6 Nxf6 12. Ng5 Kh8 13. Rg1 Neg8 14. Qd3 a6 15. Qg3
Qe8 16. Bd2 Nh7 17. Nxh7 Kxh7 18. Bxh5 Ne7 19. Be2 Qf7 20. h5 g5 21. Bxg5 Bf6
22. Qe3 Bxg5 23. Rxg5 Bd7 24. c5 Qf4 25. Qxf4 Rxf4 26. Rc1 Kh6 27. Rg1 dxc5 28.
f3 Be8 29. Nd1 Bxh5 30. Rxc5 c6 31. Ne3 cxd5 32. Rc7 Re8 33. exd5 e4 34. Kf2
Ng6 35. Rxb7 exf3 36. Bd3 Rxe3 37. Kxe3 f2 38. Rxg6+ Bxg6 39. Rb6 {
Schwarz verliert viel Material und gibt angesichts dessen auf.} 1-0

[Event "NED-ch 1998"]
[Site "Rotterdam"]
[Date "1998.06.28"]
[Round "7"]
[White "Sosonko, Gennadi"]
[Black "Van Wely, Loek"]
[Result "0-1"]
[WhiteElo "2520"]
[BlackElo "2605"]
[PlyCount "104"]
[EventDate "1998.06.21"]
[Source "ChessBase"]
[SourceDate "1998.09.30"]

1. d4 Nf6 2. Nf3 g6 3. g3 Bg7 4. Bg2 O-O 5. O-O d6 6. Nc3 Nbd7 7. e4 e5 8. Re1
c6 9. a4 Qc7 10. b3 exd4 11. Nxd4 Re8 12. Ba3 Nc5 13. Qd2 Bd7 14. Rad1 Rad8 15.
h3 Qc8 16. g4 h5 17. f3 hxg4 18. hxg4 Qc7 19. Nde2 Bc8 20. Qf4 Qb6 21. Kf1 Ne6
22. Qg3 d5 23. exd5 Nxd5 24. Nxd5 cxd5 25. f4 d4 26. Qd3 Nc5 27. Bxc5 Qxc5 28.
Bf3 Qc7 29. Qc4 Qxc4 30. bxc4 b6 31. Nc1 Be6 32. Kf2 Bxc4 33. Rxe8+ Rxe8 34.
Nd3 Be6 35. Ne5 Bxe5 36. fxe5 Rc8 37. Rxd4 Rxc2+ 38. Ke3 Rc3+ 39. Kf2 Rc5 40.
Rd8+ Kg7 41. Ra8 Ra5 42. Bd1 Bd7 43. g5 Bxa4 44. Bxa4 Rxa4 45. Kf3 a5 46. Re8
Rb4 47. Ra8 a4 48. Ke3 Rb5 49. Rxa4 Rxe5+ 50. Kf4 Rf5+ 51. Kg4 Kf8 52. Ra7 b5
0-1

[Event "NED-ch 1998"]
[Site "Rotterdam"]
[Date "1998.06.28"]
[Round "7"]
[White "Van der Sterren, Paul"]
[Black "Ernst, Sipke"]
[Result "1/2-1/2"]
[WhiteElo "2550"]
[BlackElo "2300"]
[PlyCount "58"]
[EventDate "1998.06.21"]
[Source "ChessBase"]
[SourceDate "1998.09.30"]

1. c4 e5 2. Nc3 Nc6 3. Nf3 Nf6 4. g3 d5 5. cxd5 Nxd5 6. Bg2 Nb6 7. O-O Be7 8.
a3 O-O 9. b4 Be6 10. Rb1 f6 11. d3 a5 12. bxa5 Rxa5 13. Nd2 Bxa3 14. Nb3 Ra8
15. Bxa3 Rxa3 16. Nc5 Bc8 17. Nb5 Ra8 18. Nxc7 Qxc7 19. Qb3+ Rf7 20. Qxb6 Ra5
21. Rfc1 Qxb6 22. Rxb6 Nd4 23. Nb3 Nxe2+ 24. Kf1 Nxc1 25. Nxa5 Rd7 26. Nxb7
Bxb7 27. Bxb7 Nxd3 28. Be4 Nc5 29. Rb8+ Kf7 {Und es wurde Remis vereinbart.
Weiss kann das materielle Gleichgewicht wiederherstellen.} 1/2-1/2

[Event "NED-ch 1998"]
[Site "Rotterdam"]
[Date "1998.06.30"]
[Round "8"]
[White "Sokolov, Ivan"]
[Black "Van der Sterren, Paul"]
[Result "1-0"]
[WhiteElo "2625"]
[BlackElo "2550"]
[PlyCount "77"]
[EventDate "1998.06.21"]
[Source "ChessBase"]
[SourceDate "1998.09.30"]

1. d4 d5 2. c4 e6 3. Nc3 Nf6 4. Nf3 Be7 5. Bg5 h6 6. Bxf6 Bxf6 7. Qd2 dxc4 8.
e4 c5 9. d5 exd5 10. e5 d4 11. exf6 dxc3 12. Qe3+ Kf8 13. Qxc5+ Kg8 14. Bxc4
cxb2 15. Rb1 Nc6 16. fxg7 Kxg7 17. O-O Qf6 18. Qa3 Bg4 19. Nd2 Rad8 20. Rxb2
Ne5 21. Qg3 Kh7 22. Rb5 Nxc4 23. Ne4 Qg6 24. Qxg4 Qxg4 25. Nf6+ Kg7 26. Nxg4 h5
27. Rg5+ Kf8 28. Nf6 Rd6 29. Nxh5 Rdh6 30. Ng3 Rxh2 31. Rc5 Nd6 32. Rd1 Ne8 33.
Rc8 R2h6 34. Re1 Re6 35. Rxe6 fxe6 36. Ne4 Kf7 37. Rb8 b6 38. Ra8 Rh5 39. Rxe8
1-0

[Event "NED-ch 1998"]
[Site "Rotterdam"]
[Date "1998.06.30"]
[Round "8"]
[White "Van der Wiel, John"]
[Black "Sosonko, Gennadi"]
[Result "1-0"]
[WhiteElo "2525"]
[BlackElo "2520"]
[PlyCount "49"]
[EventDate "1998.06.21"]
[Source "ChessBase"]
[SourceDate "1998.09.30"]

1. e4 c5 2. Nf3 d6 3. d4 cxd4 4. Nxd4 Nf6 5. Nc3 Nc6 6. Bc4 e6 7. Be3 Be7 8.
Bb3 O-O 9. Qe2 Bd7 10. O-O-O Nxd4 11. Bxd4 Qa5 12. Rhg1 Bc6 13. g4 Nd7 14. Kb1
Rfe8 15. g5 Nc5 16. Rg3 Bf8 17. Rh3 Nxb3 18. axb3 Qxg5 19. f4 Qa5 20. Rg1 g6
21. b4 Qc7 22. Qh5 h6 23. Bf6 Kh7 24. Qh4 Qb6 25. Rg4 1-0

[Event "NED-ch 1998"]
[Site "Rotterdam"]
[Date "1998.07.01"]
[Round "9"]
[White "Sosonko, Gennadi"]
[Black "Ernst, Sipke"]
[Result "1/2-1/2"]
[WhiteElo "2520"]
[BlackElo "2300"]
[PlyCount "53"]
[EventDate "1998.06.21"]
[Source "ChessBase"]
[SourceDate "1998.09.30"]

1. d4 d5 2. Nf3 c6 3. c4 Nf6 4. Nc3 dxc4 5. g3 Bf5 6. Ne5 Nbd7 7. Nxc4 e6 8.
Bg2 Nb6 9. Ne5 Bb4 10. a3 Bxc3+ 11. bxc3 O-O 12. f3 Nfd7 13. Nxd7 Qxd7 14. e4
Bg6 15. Qb3 c5 16. dxc5 Na4 17. Be3 Qc6 18. Rb1 Nxc5 19. Qc4 Rfc8 20. O-O b6
21. Rfd1 f6 22. Rd2 Bf7 23. e5 fxe5 24. f4 e4 25. Bxc5 Qxc5+ 26. Qxc5 Rxc5 27.
Bxe4 1/2-1/2

[Event "NED-ch 1998"]
[Site "Rotterdam"]
[Date "1998.07.01"]
[Round "9"]
[White "Van der Weide, Karel"]
[Black "Sokolov, Ivan"]
[Result "0-1"]
[WhiteElo "2450"]
[BlackElo "2625"]
[PlyCount "118"]
[EventDate "1998.06.21"]
[Source "ChessBase"]
[SourceDate "1998.09.30"]

1. e4 e5 2. Nf3 Nc6 3. Bb5 a6 4. Bxc6 dxc6 5. O-O Be7 6. Nxe5 Qd4 7. Nf3 Qxe4
8. Re1 Qg6 9. Ne5 Qf5 10. d4 Be6 11. Nc3 O-O-O 12. Ne4 h5 13. c3 h4 14. Qe2 Bd5
15. f3 f6 16. Nd3 g5 17. b3 Nh6 18. c4 Bf7 19. Bb2 Rhe8 20. Qf2 h3 21. g4 Qg6
22. Rad1 Kb8 23. Qg3 f5 24. Ne5 Qh7 25. Nf2 Bg8 26. Qxh3 Bd6 27. Qh5 Rf8 28.
Bc1 Bb4 29. Rf1 Nf7 30. Qxh7 Bxh7 31. Nxf7 Rxf7 32. Bxg5 Re8 33. Bd2 Ba3 34. g5
f4 35. Bc1 Bxc1 36. Rxc1 Bf5 37. Kg2 Rh7 38. Rh1 Rh4 39. Rce1 Rg8 40. Re5 Rxg5+
41. Kf1 Rgh5 42. Ke2 Rg5 43. h3 Rhh5 44. Ng4 b6 45. Kf2 Kb7 46. Kg2 Rg8 47. Kf2
Rg6 48. Rh2 Rd6 49. Ke1 Rxd4 50. Rhe2 Rd6 51. Nf2 Rdh6 52. Kd2 c5 53. a4 a5 54.
Kc3 Rg6 55. Nd3 Bxd3 56. Kxd3 Rxh3 57. Ke4 Rd6 58. Rf2 Rd4+ 59. Kf5 Rh5+ 0-1

[Event "NED-ch 1998"]
[Site "Rotterdam"]
[Date "1998.07.02"]
[Round "10"]
[White "Ernst, Sipke"]
[Black "Van Wely, Loek"]
[Result "1/2-1/2"]
[WhiteElo "2300"]
[BlackElo "2605"]
[PlyCount "104"]
[EventDate "1998.06.21"]
[Source "ChessBase"]
[SourceDate "1998.09.30"]

1. Nf3 Nf6 2. c4 e6 3. g3 a6 4. Bg2 b5 5. b3 c5 6. O-O Bb7 7. Bb2 Be7 8. Qc2
Qb6 9. d3 O-O 10. Nbd2 Nc6 11. Rac1 d6 12. e3 Rab8 13. Qb1 Ba8 14. d4 cxd4 15.
Nxd4 Ne5 16. f4 Bxg2 17. Kxg2 Nc6 18. N2f3 Rfc8 19. cxb5 axb5 20. Nxc6 Rxc6 21.
Bd4 Rxc1 22. Rxc1 Qa5 23. Qc2 Ra8 24. a4 bxa4 25. bxa4 Qxa4 26. Qxa4 Rxa4 27.
Rc7 Nd5 28. Rc8+ Bf8 29. Rd8 f6 30. e4 Nb4 31. Rc8 Nd3 32. e5 dxe5 33. fxe5
fxe5 34. Bxe5 Ra6 35. Rd8 Nb4 36. Rc8 h6 37. h4 Kf7 38. Bc3 Nd3 39. Rc7+ Kg6
40. Ne5+ Nxe5 41. Bxe5 h5 42. Kf3 Ra5 43. Ke4 Ra4+ 44. Kf3 Rb4 45. Rd7 Rg4 46.
Bd4 Kh7 47. Be5 Kh6 48. Rd8 Bc5 49. Re8 Kg6 50. Rxe6+ Kf5 51. Rc6 Be7 52. Bf4
Rg6 1/2-1/2

[Event "NED-ch 1998"]
[Site "Rotterdam"]
[Date "1998.07.02"]
[Round "10"]
[White "Piket, Jeroen"]
[Black "Van der Sterren, Paul"]
[Result "1-0"]
[WhiteElo "2575"]
[BlackElo "2550"]
[PlyCount "51"]
[EventDate "1998.06.21"]
[Source "ChessBase"]
[SourceDate "1998.09.30"]

1. d4 d5 2. c4 dxc4 3. Nf3 e6 4. e3 a6 5. Bxc4 Nf6 6. O-O c5 7. Bd3 Nbd7 8. Re1
Qc7 9. e4 cxd4 10. e5 Nd5 11. Be4 Ne7 12. Nxd4 Ng6 13. f4 Nc5 14. Bf3 Nh4 15.
Nc3 Be7 16. Be3 O-O 17. Bf2 Rd8 18. Rc1 Qb6 19. Qe2 Nxf3+ 20. Qxf3 Qxb2 21. Rb1
Qa3 22. Nd5 Qxf3 23. Nxe7+ Kf8 24. Nxf3 Nd3 25. Nxc8 Nxe1 26. Bc5+ 1-0

[Event "NED-ch 1998"]
[Site "Rotterdam"]
[Date "1998.07.02"]
[Round "10"]
[White "Reinderman, Dimitri"]
[Black "Van der Wiel, John"]
[Result "1/2-1/2"]
[WhiteElo "2480"]
[BlackElo "2525"]
[PlyCount "33"]
[EventDate "1998.06.21"]
[Source "ChessBase"]
[SourceDate "1998.09.30"]

1. e4 c5 2. Nf3 d6 3. d4 cxd4 4. Qxd4 Nc6 5. Bb5 Bd7 6. Bxc6 Bxc6 7. Nc3 e6 8.
Bg5 Nf6 9. O-O-O Be7 10. Rhe1 O-O 11. e5 dxe5 12. Qh4 Qc7 13. Nxe5 Rfd8 14.
Rxd8+ Rxd8 15. Ng4 Nxg4 16. Bxe7 Rd7 17. Bg5 1/2-1/2

[Event "NED-ch 1998"]
[Site "Rotterdam"]
[Date "1998.07.02"]
[Round "10"]
[White "Sokolov, Ivan"]
[Black "Sosonko, Gennadi"]
[Result "1-0"]
[WhiteElo "2625"]
[BlackElo "2520"]
[PlyCount "83"]
[EventDate "1998.06.21"]
[Source "ChessBase"]
[SourceDate "1998.09.30"]

1. d4 Nf6 2. c4 e6 3. Nf3 d5 4. Nc3 Bb4 5. Bg5 c5 6. cxd5 exd5 7. e3 h6 8. Bh4
g5 9. Bg3 Ne4 10. Bb5+ Kf8 11. O-O Bxc3 12. bxc3 c4 13. Ne5 Nxc3 14. Qh5 Qf6
15. f4 g4 16. f5 Ne2+ 17. Kh1 Nxg3+ 18. hxg3 Rg8 19. Ng6+ Kg7 20. Ne7 Rd8 21.
Rf4 Kh7 22. Nxc8 Rxc8 23. e4 dxe4 24. Rxe4 Nc6 25. Qxg4 Nb4 26. Qe2 Nd5 27. Qf3
a6 28. Ba4 b5 29. Bd1 b4 30. Re5 Nc3 31. Bc2 Rab8 32. Rae1 Nb5 33. Qf4 Rb6 34.
Re7 Kg7 35. d5 Nd4 36. Qg4+ Kf8 37. Ba4 Nb5 38. Rd7 c3 39. Qxb4+ Kg7 40. Re6 c2
41. Bxc2 Qa1+ 42. Kh2 {
Schwarz gab in hoffnungsloser Stellung auf. Eine tragische Partie fuer Sosonko.
} 1-0

[Event "NED-ch 1998"]
[Site "Rotterdam"]
[Date "1998.07.03"]
[Round "11"]
[White "Van der Wiel, John"]
[Black "Ernst, Sipke"]
[Result "1-0"]
[WhiteElo "2525"]
[BlackElo "2300"]
[PlyCount "89"]
[EventDate "1998.06.21"]
[Source "ChessBase"]
[SourceDate "1998.09.30"]

1. e4 e5 2. Nf3 Nc6 3. d4 exd4 4. Nxd4 Bb4+ 5. c3 Bc5 6. Be3 Bb6 7. Qa4 Nge7 8.
Nd2 O-O 9. O-O-O Nxd4 10. Bxd4 Bxd4 11. Qxd4 d5 12. Nf3 c6 13. exd5 Qxd5 14.
Qb4 Qxa2 15. Bc4 c5 16. Qxc5 Qa1+ 17. Kc2 Qa4+ 18. Bb3 b6 19. Qe5 Bf5+ 20. Qxf5
Qxb3+ 21. Kxb3 Nxf5 22. Rd7 Rfe8 23. Rhd1 Kf8 24. Ng5 f6 25. Rf7+ Kg8 26. Rdd7
fxg5 27. Rxf5 Rf8 28. Rxg5 g6 29. Re5 Rxf2 30. Ree7 Rxg2 31. Rg7+ Kh8 32. Rxh7+
Kg8 33. h4 Rg4 34. Rdg7+ Kf8 35. Rb7 Kg8 36. Rbg7+ Kf8 37. h5 Rh4 38. Rxg6 Re8
39. h6 Re5 40. Rc6 Rb5+ 41. Kc2 Rh2+ 42. Kd3 Rc5 43. Rxc5 bxc5 44. Rxa7 Rxh6
45. Kc4 1-0